000
00328nam a2200145Ia 4500
100
_a
Weeks/Arthur R
942
_c
BK
654
_a
image processing
245
_a
Fundamentals of Electronic image processing
260
_b
Prentice Hall
_c
1999
082
_a
621.399
_b
WEE
300
_a
570
546
_a
ENGLISH
999
_c
17789
_d
17789